MDQL
is popping MORE tags! Check the
thread
!
Quizzes
Events
Quiz Creation
Community
Videos
Private Events
Remove Ads
Sign In
Join for FREE
Feedback
Dark Mode
Quiz Categories
Sports
Geography
Music
Movies
Television
Just For Fun
Miscellaneous
History
Literature
Language
Science
Gaming
Entertainment
Religion
Holiday
For Kids
Quiz Lab
Recent
Popular Today
Quiz Kudos Today
Editor Picks
Curator Picks
Quizzes by...
Day
Popularity
Type
Ratings
Length
Year
Community
Subscriptions
Recent Discussions
Orange Saloon
Badges
Playlists
Quests
Create
Leaderboards
Showdown
Live 5
Trivia Bingo
Activity
Puzzle Library
Sporcle Events
Private Events
Virtual Trivia
Globe League
Become a Host
Pub Owners
SporcleCon
Opinionation
Our Games
Videos
Blog
Mobile Apps
Partnerships
Remove Ads and Go Orange
Feedback
Music
Pop Music
The Beatles
Song
Album
Lyrics
Bands
Singers
Artist
Clip
Rock
Rap
Classical
Billboard
Country Music
Kpop
Taylor Swift
Music
Pop Music
The Beatles
Song
Album
Lyrics
Bands
Singers
Artist
Clip
Rock
Rap
Classical
Billboard
Country Music
Kpop
Taylor Swift
Random Quiz
Search Sporcle
×
Quiz Lab
Quiz Lab
Music
Bands
Type in answers that appear in a list
Type in answers that appear in a list
Classic
Best Score? Go Orange.
Symphonic and Flower Metal Bands by CD Stats
Can you name the symphonic and flower metal bands by CD?
By
Antiblivion
8m
30 Questions
217 Plays
217 Plays
217 Plays
Comments
Comments
Give Quiz Kudos
Give Quiz Kudos
-
- Ratings
hide this ad
Forced Order
Answers have to be entered in order
Answers have to be entered in order
Replay
Link that replays current quiz
Next Quiz
Link to next quiz in quiz playlist
You Got
0%
They Got
Avg Score
27%
Avg Friend Score
Upgrade to see
Score Distribution
Jump to the score distribution portion of the page
Score
0/30
Timer
08:00
0
Plays Today
CD
Band
% Correct
Century Child
Nightwish
88.5%
The Divine Conspiracy
Epica
79.7%
April Rain
Delain
71%
Ghost Opera
Kamelot
65.9%
India
Xandria
58.1%
At Sixens and Sevens
Sirenia
52.1%
Remagine
After Forever
41%
Lemuria
Therion
36.9%
Legend Land
Leaves' Eyes
36.9%
Fables & Dreams
Lunatica
30.9%
Trinity
Visions of Atlantis
29.5%
Dawn of Victory
Rhapsody (of Fire)
28.1%
MyEarthDream
Edenbridge
27.2%
The Flame Within
Stream of Passion
25.8%
Bloodangel's Cry
Krypteria
24.9%
CD
Band
% Correct
The Last Alliance
Battlelore
22.1%
Queen of Light
Imperia
20.3%
Score to a New Beginning
Fairyland
18%
Bible of the Beast
Powerwolf
15.2%
Autumnal
Dark Moor
12.9%
Faith
Eyes of Eden
10.6%
Nova
Atargatis
9.2%
Archangels in Black
Adagio
6.5%
Always Forever
Bare Infinity
5.5%
Shambala
Aquaria
5.1%
Nyx Secrets
Wildpath
4.1%
Opus Magnum
Hollenthon
3.7%
Frozen Inside
HB
3.2%
The Edge of All I Know
Gwyllion
1.4%
Animal
Six Magics
0.5%
Quiz Playlist
Details
Report
Send in Message
Add To Playlist
Classic:
Type in answers that appear in a list
Forced Order:
Answers have to be entered in order
Last Updated: Feb 16, 2017
Quiz Scoreboard
CHALLENGE
Sign Up to Join the Scoreboard
Show All
Scores
Hide
Comments
May contain spoilers
Recently Published
5x2 Blitz: Bands
by SL_Kpop136
Music
30s
Colored Red Africa Blitz
by spor1
Geography
30s
Find the 'City' Movie
by crazypaving
Movies
60s
More to Explore
Quiz From the Vault
Featured Blog Post
14 Easter Pick-up Lines to Find Eggs With
hide this ad
You Might Also Like...
Tags
Bands Quiz
Flower
metal
Symphonic
Today's Top Quizzes in Music
Browse Music
hide this ad
Today's Top Quizzes in Bands
Browse Bands
Top Contributed Quizzes in Music
1
5X2 Blitz: Bands II
2
Taylor Swift Logic Puzzle II
3
Taylor Swift All Songs (2024)
4
5X2 Blitz: The Beatles
5
5X2 Blitz: Billboard
6
5X2 Blitz: Singers
7
5X2 Blitz: Album
8
5X2 Blitz: Rock
9
Music Artist by Three 2010s hits
10
5X2 Blitz: Billboard II
Explore More
Trending Topics
NBA
Kpop
Crossword
Marvel
Harry Potter
Anime
Disney
Song
Soccer
NFL
Pokémon
Country
The Office
Puzzle
WWE
hide this ad
More By:
Antiblivion
Quiz
Plays
Rating
Category
Featured
Created
Metal Genre Origins
829
3.31
Geography
Dec 23, 2009
Power Metal Bands by CD
793
4.43
Music
Dec 24, 2009
Symphonic and Flower Metal Bands by CD
217
4.00
Music
Dec 28, 2009
Go to Creator's Profile
Score Distribution
Quiz Creator Spotlight
Antiblivion
Follow
Send a Message
Quizzes Created
-
Created Quiz Play Count
-
More By This Creator
Popular Quizzes Today
1
Find the 'City' Movie
2
Colored Red Africa Blitz
3
Find the US States - No Outlines Minefield
4
5x2 Blitz: Bands
5
The Countries of the World
6
Find the US States
7
US States
8
9x9 Crossword: Cartoon Network
More Music Quizzes
'D' Artists by 3 Singles
Published
Trending Quizzes
Colored Red Europe Blitz I
Colored Red Africa Blitz II
Colored Red Europe Blitz II
Colored Red Europe Blitz III
Colored Red Africa Blitz III
Recently Updated
Famous TV Couples
Peacemaker
Champions League XIs: Real Madrid
pecheneg
Largest US Cities 1790-2010
pecheneg
Rides in Walt Disney World
pecheneg
Most Oscar Losses (Acting)
pecheneg
Beyoncé Albums
pecheneg
Leaping Animals
pecheneg
Reality TV Shows (A-Z)
bhenderson79
Rickey Henderson's Hall of Fame Teammates
pecheneg
Champions League XIs: Arsenal
pecheneg
Trending Topics
Anime
NBA
Marvel
Crossword
Harry Potter
Kpop
Disney
The Office
Song
NFL
Country
Pokémon
Soccer
Puzzle
WWE
Your Account Isn't Verified!
In order to create a playlist on Sporcle, you need to verify the email address you used during registration. Go to your
Sporcle Settings
to finish the process.
Report this User
Report this user for behavior that violates our
Community Guidelines
.
Details:
Send Report
Go to the Sporcle.com Mobile Site →
Comments